[Event "Steinfurt Bezirksliga 0405"]
[Site "Germany"]
[Date "2005.05.21"]
[Round "9.3"]
[White "Lachmuth, Mathias"]
[Black "Dieckmann, Stefan"]
[Result "1-0"]
[WhiteElo "1734"]
[BlackElo "1557"]
[PlyCount "59"]
[EventDate "2004.09.25"]
[EventType "team-tourn"]
[EventRounds "11"]
[EventCountry "GER"]
[SourceTitle "EXT 2006"]
[Source "ChessBase"]
[SourceDate "2005.11.24"]
[SourceVersion "1"]
[SourceVersionDate "2005.11.24"]
[SourceQuality "1"]
[WhiteTeam "Emsdetten Rochade II"]
[BlackTeam "Saerbeck III"]
[WhiteTeamCountry "GER"]
[BlackTeamCountry "GER"]

1. Nf3 c5 2. b3 d5 3. e3 Nc6 4. Bb2 Nf6 5. Bb5 Bg4 6. d3 Qa5+ 7. Nc3 d4 8. Bxc6+ bxc6 9. Qd2 dxc3 10. Bxc3 Qc7 11. Ne5 e6 12. f4 Bf5 13. h3 h5 14. 0-0-0 Nd5 15. Ba5 Nb6 16. g4 Bg6 17. Qg2 Rc8 18. Rhf1 Rh6 19. Kb1 f6 20. g5 fxg5 21. fxg5 Qxe5 22. gxh6 Bh7 23. Qf3 Qf5 24. Qg3 Qg6 25. Qxg6+ Bxg6 26. Rg1 Bxd3 27. hxg7 Bxg7 28. Bxb6 Bxc2+ 29. Kxc2 axb6 30. Rxg7 1-0

[Event "Steinfurt Kreisklasse 0203"]
[Site "Germany"]
[Date "2003.03.29"]
[Round "8.1"]
[White "Herding, Rudolf"]
[Black "Dieckmann, Stefan"]
[Result "0-1"]
[WhiteElo "1713"]
[BlackElo "1561"]
[PlyCount "47"]
[EventDate "2002.09.21"]
[EventType "team-tourn"]
[EventRounds "10"]
[EventCountry "GER"]
[SourceTitle "EXT 2005"]
[Source "ChessBase"]
[SourceDate "2004.11.15"]
[SourceVersion "1"]
[SourceVersionDate "2004.11.15"]
[SourceQuality "1"]
[WhiteTeam "Nordwalde IV"]
[BlackTeam "Saerbeck Falke III"]
[WhiteTeamCountry "GER"]
[BlackTeamCountry "GER"]

1. d4 Nf6 2. c4 e6 3. Nc3 Bb4 4. a3 Bxc3+ 5. bxc3 0-0 6. Bg5 c5 7. e3 d6 8. Nf3 Nbd7 9. Bd3 b6 10. Qc2 h6 11. Bh4 Qc7 12. Bg3 Ba6 13. d5 exd5 14. cxd5 c4 15. Bf5 Nc5 16. Rd1 g6 17. Bxg6 fxg6 18. Qxg6+ Qg7 19. Qxg7+ Kxg7 20. Bxd6 Nd3+ 21. Rxd3 cxd3 22. Bxf8+ Kxf8 23. Ne5 Rc8 24. c4 0-1

[Event "Steinfurt Kreisklasse 0203"]
[Site "Germany"]
[Date "2002.11.16"]
[Round "3.2"]
[White "Steffen, Klaus"]
[Black "Dieckmann, Stefan"]
[Result "0-1"]
[WhiteElo "854"]
[BlackElo "1561"]
[PlyCount "32"]
[EventDate "2002.09.21"]
[EventType "team-tourn"]
[EventRounds "10"]
[EventCountry "GER"]
[SourceTitle "EXT 2005"]
[Source "ChessBase"]
[SourceDate "2004.11.15"]
[SourceVersion "1"]
[SourceVersionDate "2004.11.15"]
[SourceQuality "1"]
[WhiteTeam "Nordwalde IV"]
[BlackTeam "Saerbeck Falke III"]
[WhiteTeamCountry "GER"]
[BlackTeamCountry "GER"]

1. d4 Nf6 2. Nc3 e6 3. e4 Bb4 4. f3 c5 5. Be3 d5 6. Bd3 dxe4 7. Bxe4 Nxe4 8. fxe4 Qh4+ 9. Bf2 Qxe4+ 10. Nge2 cxd4 11. Bxd4 e5 12. a3 exd4 13. axb4 dxc3 14. bxc3 Bg4 15. Rg1 0-0 16. Qd4 Qxe2# 0-1